Интеллектуальные цифровые технологии концептуального проектирования инженерных решений: учебник

Detalles Bibliográficos
Autor Principal: Андрейчиков А. В. Александр Валентинович
Outros autores: Андрейчикова О. Н. Ольга Николаевна
Summary:В учебнике рассмотрены интеллектуальные цифровые технологии концептуального проектирования инженерных решений, основанные на системном использовании закономерностей строения и развития новой техники, математических, эвристических и интеллектуальных методов, баз данных запатентованных изобретений. Соответствует требованиям федеральных государственных образовательных стандартов высшего образования последнего поколения. Предназначен для студентов, обучающихся по направлениям подготовки высшего образования (магистратуры) по следующим группам направлений подготовки: "Управление в технических системах"; "Компьютерные и информационные наук"; "Информатика и вычислительная техника"; "Машиностроение"; "Техника и техно логии наземного транспорта"; "Техника и технологии строительства"; "Фотоника, приборостроение, оптические и биотехнические системы и технологии"; "Авиационная и ракетно-космическая техника"; "Техника и технологии кораблестроения и водного транспорта".
Idioma:ruso
Publicado: Москва, Инфра-М, 2023
Series:Высшее образование - Магистратура
Subjects:
Acceso en liña:http://doi.org/ 10.12737/textbook-5cde57b7228885.60898513
Formato: Electrónico Libro
KOHA link:https://koha.lib.tpu.ru/cgi-bin/koha/opac-detail.pl?biblionumber=379192

MARC

LEADER 00000nam0a2200000 4500
001 379192
005 20231123143742.0
010 |a 978-5-16-014884-7 
035 |a (RuTPU)RU\TPU\retro\36654 
090 |a 379192 
100 |a 20230710d2023 m||y0rusy50 ca 
101 0 |a rus 
102 |a RU 
105 |a a j 001zy 
181 0 |a i   |b  e  
182 0 |a n 
183 0 |a nc  |2 RDAcarrier 
200 1 |a Интеллектуальные цифровые технологии концептуального проектирования инженерных решений  |e учебник  |f А. В. Андрейчиков, О. Н. Андрейчикова 
203 |a Текст  |b визуальный  |c непосредственный 
210 |a Москва  |c Инфра-М  |d 2023 
215 |a 511 с.  |c ил. 
225 1 |a Высшее образование - Магистратура 
283 |a volume  |2 RDAcarrier 
320 |a Библиографический список: с. 488-506 
330 |a В учебнике рассмотрены интеллектуальные цифровые технологии концептуального проектирования инженерных решений, основанные на системном использовании закономерностей строения и развития новой техники, математических, эвристических и интеллектуальных методов, баз данных запатентованных изобретений. Соответствует требованиям федеральных государственных образовательных стандартов высшего образования последнего поколения. Предназначен для студентов, обучающихся по направлениям подготовки высшего образования (магистратуры) по следующим группам направлений подготовки: "Управление в технических системах"; "Компьютерные и информационные наук"; "Информатика и вычислительная техника"; "Машиностроение"; "Техника и техно логии наземного транспорта"; "Техника и технологии строительства"; "Фотоника, приборостроение, оптические и биотехнические системы и технологии"; "Авиационная и ракетно-космическая техника"; "Техника и технологии кораблестроения и водного транспорта". 
606 1 |a Принятие решений, проектных  |x Математическая теория  |9 70263 
610 1 |a технические объекты 
610 1 |a концептуальное проектирование 
610 1 |a парадигмы 
610 1 |a системный анализ 
610 1 |a сложные системы 
610 1 |a синтез 
610 1 |a внешнее проектирование 
610 1 |a стратегическое планирование 
610 1 |a учебники 
675 |a 658.512.2.011.56(075.8)  |v 4  |z rus 
700 1 |a Андрейчиков  |b А. В.  |4 070  |g Александр Валентинович 
701 1 |4 070  |a Андрейчикова  |b О. Н.  |g Ольга Николаевна 
801 1 |a RU  |b 63413507  |c 20230710 
856 |u http://doi.org/ 10.12737/textbook-5cde57b7228885.60898513 
942 |c BK